<?xml version="1.0" encoding="UTF-8"?><?xml-stylesheet type="text/xsl" href="static/style.xsl"?><OAI-PMH xmlns="http://www.openarchives.org/OAI/2.0/" xmlns:xsi="http://www.w3.org/2001/XMLSchema-instance" xsi:schemaLocation="http://www.openarchives.org/OAI/2.0/ http://www.openarchives.org/OAI/2.0/OAI-PMH.xsd"><responseDate>2026-04-13T01:44:49Z</responseDate><request verb="GetRecord" identifier="oai:www.recercat.cat:2099.1/13283" metadataPrefix="marc">https://recercat.cat/oai/request</request><GetRecord><record><header><identifier>oai:recercat.cat:2099.1/13283</identifier><datestamp>2025-07-17T15:13:44Z</datestamp><setSpec>com_2072_1033</setSpec><setSpec>col_2072_452951</setSpec></header><metadata><record xmlns="http://www.loc.gov/MARC21/slim" xmlns:dcterms="http://purl.org/dc/terms/" xmlns:xsi="http://www.w3.org/2001/XMLSchema-instance" xmlns:doc="http://www.lyncode.com/xoai" xsi:schemaLocation="http://www.loc.gov/MARC21/slim http://www.loc.gov/standards/marcxml/schema/MARC21slim.xsd">
   <leader>00925njm 22002777a 4500</leader>
   <datafield ind2=" " ind1=" " tag="042">
      <subfield code="a">dc</subfield>
   </datafield>
   <datafield ind2=" " ind1=" " tag="720">
      <subfield code="a">Hernández Barranco, Jacobo</subfield>
      <subfield code="e">author</subfield>
   </datafield>
   <datafield ind2=" " ind1=" " tag="720">
      <subfield code="a">Paredes González, Denis</subfield>
      <subfield code="e">author</subfield>
   </datafield>
   <datafield ind2=" " ind1=" " tag="260">
      <subfield code="c">2011-06</subfield>
   </datafield>
   <datafield ind2=" " ind1=" " tag="520">
      <subfield code="a">El siguiente proyecto está basado en la contribución&#xd;
realizada con la empresa la cual trabajamos.&#xd;
Esta empresa decidió trasladar sus oficinas a una nueva&#xd;
nave industrial donde se aumentará la calidad de estancia,&#xd;
personal y para así crecer como empresa en general. Esta&#xd;
nueva nave industrial ya estaba construida, pero había que&#xd;
adecuarla para oficinas y almacén. Nuestro trabajo fue el&#xd;
de colaborar en los proyectos de climatización y&#xd;
electricidad. A partir de aquí decidimos realizar el&#xd;
proyecto final de carrera sobre las instalaciones&#xd;
necesarias para adecuar la nave industrial como son las&#xd;
instalaciones de contraincendios, saneamiento, red de agua&#xd;
caliente y fría sanitaría, y colectores solares, además de&#xd;
las ya mencionadas de electricidad y climatización. Para&#xd;
darle un valor añadido al proyecto, al tener los planos de&#xd;
la estructura hemos querido hacer también la verificación&#xd;
de la misma.&#xd;
La nave industrial consta de 3 plantas, con una superficie&#xd;
útil total de 2.812m2, destinada exclusivamente para&#xd;
oficinas y almacén.</subfield>
   </datafield>
   <datafield tag="653" ind2=" " ind1=" ">
      <subfield code="a">Àrees temàtiques de la UPC::Edificació::Elements constructius d'edificis::Càlcul d'estructures d'edificis</subfield>
   </datafield>
   <datafield tag="653" ind2=" " ind1=" ">
      <subfield code="a">Structural design</subfield>
   </datafield>
   <datafield tag="653" ind2=" " ind1=" ">
      <subfield code="a">Estructura</subfield>
   </datafield>
   <datafield tag="653" ind2=" " ind1=" ">
      <subfield code="a">Contraincendios</subfield>
   </datafield>
   <datafield tag="653" ind2=" " ind1=" ">
      <subfield code="a">Ambientalización</subfield>
   </datafield>
   <datafield tag="653" ind2=" " ind1=" ">
      <subfield code="a">Instalaciones</subfield>
   </datafield>
   <datafield tag="653" ind2=" " ind1=" ">
      <subfield code="a">Fontanería</subfield>
   </datafield>
   <datafield tag="653" ind2=" " ind1=" ">
      <subfield code="a">Seguridad</subfield>
   </datafield>
   <datafield tag="653" ind2=" " ind1=" ">
      <subfield code="a">Baja tensión</subfield>
   </datafield>
   <datafield tag="653" ind2=" " ind1=" ">
      <subfield code="a">Saneamiento</subfield>
   </datafield>
   <datafield tag="653" ind2=" " ind1=" ">
      <subfield code="a">Climatización</subfield>
   </datafield>
   <datafield tag="653" ind2=" " ind1=" ">
      <subfield code="a">Captadores</subfield>
   </datafield>
   <datafield tag="653" ind2=" " ind1=" ">
      <subfield code="a">Disseny d'estructures</subfield>
   </datafield>
   <datafield ind2="0" ind1="0" tag="245">
      <subfield code="a">Instalaciones y cálculo estructural de una nave industrial destinada a oficinas y almacén</subfield>
   </datafield>
</record></metadata></record></GetRecord></OAI-PMH>